Video Game Movies Quiz - Statistics

General Stats
  • This quiz has been taken 64 times
  • The average score is 5 of 17
Answer Stats
Year
Movie
Cast % Correct
2020 Sonic the Hedgehog Jim Carrey, Ben Schwartz
69%
2022 Uncharted Tom Holland, Mark Wahlberg
63%
2015 Pixels Adam Sandler, Josh Gad
50%
2023 The Super Mario Bros. Movie Chris Pratt, Jack Black
48%
2021 Free Guy Ryan Reynolds, Taika Waititi
40%
2016 Assassin's Creed Michael Fassbender, Marion Cottillard
29%
2021 Mortal Kombat Tadanobu Asano, Jessica McNamee
27%
2017 Jumanji: Welcome to the Jungle Jack Black, Dwayne Johnson
25%
2019 Pokemon: Detective Pikachu Ryan Reynolds, Justice Smith
23%
2012 Wreck-It Ralph Jane Lynch, Sarah Silverman
23%
2016 The Angry Birds Movie Jason Sudeikis, Josh Gad
21%
2018 Tomb Raider Hannah John-Kamen, Walton Goggins
21%
2019 Rampage Dwayne Johnson, Jeffrey Dean Morgan
17%
2018 Ready Player One Simon Pegg, Ben Mendelsohn
17%
2023 Tetris Taron Edgerton, Toby Jones
13%
2016 Ratchet and Clank Paul Giamatti, John Goodman
8%
2015 Hitman: Agent 47 Rupert Friend, Zachary Quinto
6%
No matching quizzes found
Score Distribution
Percent of People with Each Score
Percentile by Number Answered
Your Score History
You have not taken this quiz